000 00459nam a2200193Ia 4500
008 101110s9999 xx 000 0 und d
041 _aENGLISH
082 _bSR4782
_a657
100 _aGupta & Gupta
245 _aIncome Tax Law & Practice
365 _b17.5
520 _aCommerce
546 _aENGLISH
630 _aIncome Tax Law & Practice
650 _aCommerce
655 _aCommerce
730 _aIncome Tax Law & Practice
942 _cBOOK
999 _c800943
_d800940